01018mc a2200289a 44500001000900000003001300009008004000022005001700062020001800079040001900097100001800116245006900134260003700203300001900240490003300259500003800292505004500330505004000375505005200415505003100467505004300498505007400541505004700615505002200662653002400684800002000708NM030066RG CODE MARC75020s1991 ||||||||||||||000 | spa||20251028183340.0 a84-86077-90-7 aORG CODE MARC  aBravo, Carlos aGalilea año 30bpara leer el evangelio de MarcoscCarlos Bravo aCórdoba, EspañabEl Almendro a178 p.b21 cm. aEn torno al Nuevo Testamento aDonación de Pablo Vernola, 2025 t1. Jesús, el Mesías, el Hijo de Dios t2. Jesús, responsable por la vida t3. Jesús y los Doce, responsables por la vida t4. Crisis y confirmación t5. Formación a los doce discípulos t6. El juicio de Jesús contra Jerusalén. Ultimos días de su vida t7. El juicio de Jerusalén contra Jesús t8. Inconclusión aEVANGELIO DE MARCOS aPelaez, Jesús